Priemyselné zóny priťahujú zahraničných investorov, ale podporujú aj malých a stredných podnikateľov

Vytváranie priemyselných a technologických parkov, malé a stredné podnikanie a prilákanie zahraničných investorov. Skúsenosti z krajín Višehradskej štvorky, najpodnetnejší je maďarský model. Pri vzniku parku je významná spolupráca vlády a miestnej samosprávy. Dobré skúsenosti s priemyselnými zónami...

Descripción completa

Guardado en:
Detalles Bibliográficos
Autor principal: Hirman, Karel
Formato: Capítulo de libro
Lenguaje:eslovaco
Materias:
Etiquetas: Agregar Etiqueta
Sin Etiquetas, Sea el primero en etiquetar este registro!

MARC

LEADER 00000naa a2200000 4500
001 r037249
005 20230921105448.0
041 0 |a slo 
044 |a SK 
245 1 0 |a Priemyselné zóny priťahujú zahraničných investorov, ale podporujú aj malých a stredných podnikateľov  |c Karel Hirman 
520 |a Vytváranie priemyselných a technologických parkov, malé a stredné podnikanie a prilákanie zahraničných investorov. Skúsenosti z krajín Višehradskej štvorky, najpodnetnejší je maďarský model. Pri vzniku parku je významná spolupráca vlády a miestnej samosprávy. Dobré skúsenosti s priemyselnými zónami má aj ČR. Štátne dotácie motivujú vznik priemyselných zón. 
610 2 0 |a priemysel 
610 2 0 |a zóny 
610 2 0 |a podnikanie malé 
610 2 0 |a podnikanie stredné 
610 2 0 |a investície zahraničné 
610 2 0 |a investície zo zahraničia 
610 2 0 |a vláda 
610 2 0 |a samospráva 
610 2 0 |a Slovensko 
610 2 0 |a Vyšehradská štvorka 
610 2 0 |a parky vedeckotechnické 
610 2 0 |a parky priemyselné 
100 1 |a Hirman, Karel